00642 2200205 4500001002100000005001700021008004100038035002500079040001200104082001200116084001500128245010300143260004400246300003700290500004400327650001500371700002000386850001200406990001800418INLIS00000000000973620150811161217.0  a0010-081500000001174 aYOPDYOG 223a650 aSK 650 Lap aLAPORAN Akhir KKN tematik kewirausahaan kelompok pendampingan kuliner IVc/ Verry Chandra [et.all] aYogyakartabUNiversitas Atma Jayac2010 avii, 29 lembar: Ilus.;c29,5 cm. aLaporan Akhir Pusat Studi Kewirausahaan aWiraswasta aDIAH Widyastuti aYOPDYOG a47622-PD/A.15